00605nam a22001937a 450000500170000001000130001702000100003003500130004003700160005304000120006908200130008110000230009424501240011726000600024127000420030130000280034365000130037165000270038420170124105937.0 aB-061011 c00.00 aB-061011 bCen Lib/Ret aDPLbEN a220bMUK aMukhyananda, Swami aHinduism the eternal dharma :cby Swami Mukhyananda breflections on its evolution, nature, principles, and structure / aCalcutta bCentre Dor Reshaping Our World - View c2000 aBelur Math, HowrahbCalcutta e711202 a181p. :c20cm(Hb)bill. aHinduism aPrinciples of Hinduism